| 000 | 00416nam a2200133Ia 4500 | ||
|---|---|---|---|
| 008 | 130318s9999 xx 000 0 und d | ||
| 020 | _a9780801870491 | ||
| 082 | _a351 KET/T | ||
| 100 | _aKettl, Donald F | ||
| 245 | _aThe transformation of governance: Public administration for twenty first century America | ||
| 260 |
_bThe Johns Hopkins University Press _aBaltimore _c2002 |
||
| 300 | _a204 | ||
| 650 | _aE-GOVERNANCE | ||
| 999 |
_c1508 _d1508 |
||